|
|
|
|
| LEADER |
00000cam a22000004a 4500 |
| 001 |
musev2_73098 |
| 003 |
MdBmJHUP |
| 005 |
20230905051532.0 |
| 006 |
m o d |
| 007 |
cr||||||||nn|n |
| 008 |
190430t20202020nyu o 00 0 eng d |
| 010 |
|
|
|z 2019021840
|
| 020 |
|
|
|a 9781501745034
|
| 020 |
|
|
|z 9781501745027
|
| 020 |
|
|
|z 9780801453663
|
| 035 |
|
|
|a (OCoLC)1100448423
|
| 040 |
|
|
|a MdBmJHUP
|c MdBmJHUP
|
| 100 |
1 |
|
|a Plotch, Philip Mark,
|d 1961-
|e author.
|
| 245 |
1 |
0 |
|a Last Subway :
|b The Long Wait for the Next Train in New York City /
|c Philip Mark Plotch.
|
| 264 |
|
1 |
|a Ithaca, New York :
|b Three Hills, an imprint of Cornell University Press,
|c 2020.
|
| 264 |
|
3 |
|a Baltimore, Md. :
|b Project MUSE,
|c 2020
|
| 264 |
|
4 |
|c ©2020.
|
| 300 |
|
|
|a 1 online resource (360 pages).
|
| 336 |
|
|
|a text
|b txt
|2 rdacontent
|
| 337 |
|
|
|a computer
|b c
|2 rdamedia
|
| 338 |
|
|
|a online resource
|b cr
|2 rdacarrier
|
| 505 |
0 |
|
|a Introduction : a long wait for a train -- From a compact city into a metropolis (NYC before World War Two) -- An empty promise (late 1940s and 1950s) -- The billionaire's ambitions (1960s to 1972) -- Construction begins and construction ends (1972 to 1976) -- Saving the subway (late 1970s and 1980s) -- Planning from the bottom up (1990s) -- A 21st century subway (2000 to 2005) -- Building a subway and unleashing the plagues (2006 to 2014) -- Andrew Cuomo's finish line (2015 to 2016) -- Conclusion : delays ahead.
|
| 520 |
|
|
|a "The story of the Second Avenue subway, as it symbolizes New York's inability to modernize its infrastructure and reveals the ingredients necessary to build a twenty-first-century megaproject"--
|c Provided by publisher
|
| 588 |
|
|
|a Description based on print version record.
|
| 610 |
2 |
7 |
|a New York City Transit Authority.
|2 fast
|0 (OCoLC)fst00510664
|
| 610 |
2 |
0 |
|a New York City Transit Authority.
|
| 650 |
|
7 |
|a Transportation and state.
|2 fast
|0 (OCoLC)fst01155244
|
| 650 |
|
7 |
|a Subways
|x Economic aspects.
|2 fast
|0 (OCoLC)fst01136993
|
| 650 |
|
7 |
|a Subways.
|2 fast
|0 (OCoLC)fst01136975
|
| 650 |
|
7 |
|a HISTORY
|z United States
|x State & Local
|x Middle Atlantic (DC, DE, MD, NJ, NY, PA)
|2 bisacsh
|
| 650 |
|
6 |
|a Transport
|x Politique gouvernementale
|z New York (État)
|z New York.
|
| 650 |
|
6 |
|a Metros
|x Aspect politique
|z New York (État)
|z New York.
|
| 650 |
|
6 |
|a Metros
|x Aspect economique
|z New York (État)
|z New York.
|
| 650 |
|
6 |
|a Metros
|z New York (État)
|z New York
|x Histoire.
|
| 650 |
|
0 |
|a Transportation and state
|z New York (State)
|z New York.
|
| 650 |
|
0 |
|a Subways
|x Political aspects
|z New York (State)
|z New York.
|
| 650 |
|
0 |
|a Subways
|x Economic aspects
|z New York (State)
|z New York.
|
| 650 |
|
0 |
|a Subways
|z New York (State)
|z New York
|x History.
|
| 651 |
|
7 |
|a New York (State)
|z New York.
|2 fast
|0 (OCoLC)fst01204333
|
| 655 |
|
7 |
|a History.
|2 fast
|0 (OCoLC)fst01411628
|
| 655 |
|
7 |
|a Electronic books.
|2 local
|
| 710 |
2 |
|
|a Project Muse.
|e distributor
|
| 830 |
|
0 |
|a Book collections on Project MUSE.
|
| 856 |
4 |
0 |
|z Texto completo
|u https://projectmuse.uam.elogim.com/book/73098/
|
| 945 |
|
|
|a Project MUSE - Custom Collection
|
| 945 |
|
|
|a Project MUSE - 2020 Complete
|
| 945 |
|
|
|a Project MUSE - 2020 US Regional Studies, New England and Mid Atlantic
|